[Event "BL2-Sued 0001"]
[Site "Germany"]
[Date "2001.04.29"]
[Round "9.8"]
[White "Gabriel, Robert A"]
[Black "Lichtenstern, Christoph"]
[Result "1/2-1/2"]
[WhiteElo "2292"]
[BlackElo "2216"]
[PlyCount "36"]
[EventDate "2000.10.15"]
[EventType "team-tourn"]
[EventRounds "9"]
[EventCountry "GER"]
[SourceTitle "CBM 082 Extra"]
[Source "ChessBase"]
[SourceDate "2001.07.03"]
[SourceVersion "1"]
[SourceVersionDate "2001.07.03"]
[SourceQuality "1"]
[WhiteTeam "Stuttgart"]
[BlackTeam "Bayern Muenchen"]
[WhiteTeamCountry "GER"]
[BlackTeamCountry "GER"]

1. d4 d5 2. Nf3 e6 3. Bg5 Be7 4. Bxe7 Qxe7 5. c3 Nf6 6. e3 0-0 7. Bd3 b6 8. 0-0 c5 9. Ne5 Nfd7 10. f4 f5 11. Nd2 Nxe5 12. fxe5 Ba6 13. Bxa6 Nxa6 14. a4 Rab8 15. Qe2 Nc7 16. Rfb1 f4 17. Rf1 fxe3 18. Qxe3 Rxf1+ 1/2-1/2

[Event "BL2-Sued 0001"]
[Site "Germany"]
[Date "2001.04.01"]
[Round "8.8"]
[White "Lichtenstern, Christoph"]
[Black "Loehr, Markus"]
[Result "1/2-1/2"]
[WhiteElo "2216"]
[BlackElo "2210"]
[PlyCount "83"]
[EventDate "2000.10.15"]
[EventType "team-tourn"]
[EventRounds "9"]
[EventCountry "GER"]
[SourceTitle "CBM 082 Extra"]
[Source "ChessBase"]
[SourceDate "2001.07.03"]
[SourceVersion "1"]
[SourceVersionDate "2001.07.03"]
[SourceQuality "1"]
[WhiteTeam "Bayern Muenchen"]
[BlackTeam "Schmiden Cannstatt"]
[WhiteTeamCountry "GER"]
[BlackTeamCountry "GER"]

1. Nf3 Nf6 2. d4 g6 3. c4 Bg7 4. Nc3 d5 5. Bf4 c5 6. cxd5 Nxd5 7. Nxd5 Qxd5 8. Rc1 Na6 9. e3 cxd4 10. exd4 0-0 11. Bc4 Qa5+ 12. Qd2 Qxd2+ 13. Kxd2 Rd8 14. Bxa6 bxa6 15. Ke3 Be6 16. Rc7 Bxa2 17. Ra1 Bd5 18. Rxa6 Rab8 19. Raxa7 Rb3+ 20. Rc3 Rxb2 21. Rxe7 Bxf3 22. Kxf3 Bxd4 23. Rd3 Rxf2+ 24. Kg3 Rxf4 25. Kxf4 Be5+ 26. Ke4 Rxd3 27. Kxd3 Bxh2 28. Ke4 h5 29. Rd7 Kg7 30. Rd3 Bc7 31. Rc3 Bd8 32. Kd5 Bg5 33. Kd6 h4 34. Rf3 Bf6 35. Kd5 g5 36. Ke4 Kg6 37. Rf5 Bd8 38. Rc5 Be7 39. Rd5 Ba3 40. Ra5 Bc1 41. Ra6+ f6 42. Kf3 1/2-1/2

[Event "Oberliga Bayern 9899"]
[Site "Bayern"]
[Date "1999.04.11"]
[Round "7.6"]
[White "Kaplanski, Michael"]
[Black "Lichtenstern, Christoph"]
[Result "0-1"]
[WhiteElo "2045"]
[BlackElo "2160"]
[PlyCount "104"]
[EventDate "1998.10.11"]
[EventType "team-tourn"]
[EventRounds "9"]
[EventCountry "GER"]
[SourceTitle "EXT 2020"]
[Source "ChessBase"]
[SourceDate "2019.10.17"]
[SourceVersion "1"]
[SourceVersionDate "2019.10.17"]
[SourceQuality "1"]
[WhiteTeam "Hof SK"]
[BlackTeam "Muenchen FC Bayern"]
[WhiteTeamCountry "GER"]
[BlackTeamCountry "GER"]

1. Nf3 d5 2. d3 Nc6 3. g3 e5 4. Bg2 Nf6 5. 0-0 Be7 6. Nbd2 0-0 7. c4 Bg4 8. h3 Bh5 9. cxd5 Nxd5 10. Nc4 Bf6 11. a3 Re8 12. Qc2 Nd4 13. Nxd4 exd4 14. Re1 c6 15. b4 Rc8 16. Na5 Qd7 17. Nb3 b6 18. Bb2 Nc3 19. Bxc3 dxc3 20. d4 c5 21. bxc5 bxc5 22. dxc5 Qa4 23. e4 Rxc5 24. Ra2 Rb5 25. Na1 Qxc2 26. Rxc2 g5 27. Kh2 Be5 28. Rf1 Rb2 29. f4 gxf4 30. gxf4 Bd4 31. e5 Be2 32. Re1 Bd3 33. Be4 Bf2 34. Bxd3 Bxe1 35. Rg2+ Rxg2+ 36. Kxg2 Rd8 37. Be4 Rd2+ 38. Kf3 Rf2+ 39. Ke3 Rf1 40. Nc2 Bd2+ 41. Kd4 Rxf4 42. Kd5 a5 43. Nd4 h6 44. Bd3 Be3 45. Nf5 Bc1 46. Nxh6+ Kf8 47. Nf5 Bxa3 48. Nd4 Bb2 49. Nc2 a4 50. Ne1 Rd4+ 51. Kc5 a3 52. Bc4 Rd2 0-1

[Event "Oberliga Bayern 9899"]
[Site "Bayern"]
[Date "1999.01.17"]
[Round "4.7"]
[White "Lichtenstern, Christoph"]
[Black "Gschwendtner, Michael"]
[Result "1-0"]
[WhiteElo "2190"]
[BlackElo "2170"]
[PlyCount "91"]
[EventDate "1998.10.11"]
[EventType "team-tourn"]
[EventRounds "9"]
[EventCountry "GER"]
[SourceTitle "EXT 2020"]
[Source "ChessBase"]
[SourceDate "2019.10.17"]
[SourceVersion "1"]
[SourceVersionDate "2019.10.17"]
[SourceQuality "1"]
[WhiteTeam "Muenchen FC Bayern"]
[BlackTeam "Pasing"]
[WhiteTeamCountry "GER"]
[BlackTeamCountry "GER"]

1. d4 Nf6 2. Nf3 e6 3. e3 c5 4. Bd3 Nc6 5. 0-0 d5 6. c3 a6 7. Nbd2 b5 8. Ne5 Nxe5 9. dxe5 Nd7 10. f4 Qb6 11. Kh1 Bb7 12. e4 c4 13. Bc2 Nc5 14. exd5 Bxd5 15. Qe2 Be7 16. Nf3 Qb7 17. Be3 Be4 18. Bxc5 Bxc2 19. Qxc2 Bxc5 20. Rad1 Be7 21. Ng5 Bxg5 22. fxg5 Qe7 23. Qe4 0-0 24. Qf4 Rad8 25. Rd6 Rxd6 26. exd6 Qd7 27. Qe5 f6 28. gxf6 Rxf6 29. Rxf6 gxf6 30. Qc5 Kf8 31. h3 e5 32. Qd5 Kg7 33. Kg1 h5 34. b4 cxb3 35. axb3 a5 36. c4 bxc4 37. bxc4 a4 38. Qc5 Kf7 39. Qd5+ Kg6 40. c5 a3 41. Qd3+ Qf5 42. Qxa3 e4 43. c6 Qf4 44. c7 Qf5 45. Qc3 e3 46. Qxe3 1-0

[Event "Oberliga Bayern 9899"]
[Site "Bayern"]
[Date "1998.11.15"]
[Round "3.7"]
[White "Urankar, Hans Peter"]
[Black "Lichtenstern, Christoph"]
[Result "1-0"]
[WhiteElo "2160"]
[BlackElo "2190"]
[PlyCount "74"]
[EventDate "1998.10.11"]
[EventType "team-tourn"]
[EventRounds "9"]
[EventCountry "GER"]
[SourceTitle "EXT 2020"]
[Source "ChessBase"]
[SourceDate "2019.10.17"]
[SourceVersion "1"]
[SourceVersionDate "2019.10.17"]
[SourceQuality "1"]
[WhiteTeam "Milbertshofen (SG Schwabing)"]
[BlackTeam "Muenchen FC Bayern"]
[WhiteTeamCountry "GER"]
[BlackTeamCountry "GER"]

1. Nf3 d5 2. g3 Nf6 3. Bg2 e6 4. 0-0 Be7 5. d3 0-0 6. Nbd2 c5 7. e4 Nc6 8. e5 Ng4 9. Re1 f5 10. Nb3 c4 11. Nbd4 cxd3 12. Qxd3 Qc7 13. c3 a6 14. h3 Nxd4 15. Nxd4 Nxe5 16. Qe2 Bd6 17. f4 Nf7 18. Nxe6 Bc5+ 19. Nxc5 Qxc5+ 20. Be3 Qc6 21. Bd4 b5 22. Qh5 Be6 23. Re3 Rae8 24. Rae1 Nh8 25. Qe2 Bf7 26. Qd3 Re4 27. Bxe4 fxe4 28. Qe2 Qh6 29. Bc5 Rc8 30. b4 Qxh3 31. g4 Qh4 32. Kg2 Ng6 33. Rf1 Qf6 34. Bd4 Qd6 35. Qf2 Qe7 36. Rh3 e3 37. Rxe3 Qd8 1-0

[Event "Oberliga Bayern 9899"]
[Site "Bayern"]
[Date "1998.10.11"]
[Round "1.5"]
[White "Geberl, Hans Walter"]
[Black "Lichtenstern, Christoph"]
[Result "1/2-1/2"]
[WhiteElo "2122"]
[BlackElo "2190"]
[PlyCount "55"]
[EventDate "1998.10.11"]
[EventType "team-tourn"]
[EventRounds "9"]
[EventCountry "GER"]
[SourceTitle "EXT 2020"]
[Source "ChessBase"]
[SourceDate "2019.10.17"]
[SourceVersion "1"]
[SourceVersionDate "2019.10.17"]
[SourceQuality "1"]
[WhiteTeam "Ingolstadt"]
[BlackTeam "Muenchen FC Bayern"]
[WhiteTeamCountry "GER"]
[BlackTeamCountry "GER"]

1. d4 d5 2. c4 e6 3. Nf3 f5 4. g3 Nf6 5. Bg2 Bb4+ 6. Bd2 Bxd2+ 7. Nbxd2 0-0 8. Qc2 Ne4 9. Ne5 Nd7 10. Nxd7 Bxd7 11. Nxe4 fxe4 12. 0-0 c6 13. f3 exf3 14. Rxf3 Qg5 15. Raf1 Rxf3 16. Rxf3 Rf8 17. Qc3 dxc4 18. Qxc4 Qd2 19. Rxf8+ Kxf8 20. Qc5+ Ke8 21. Bf3 a5 22. Qe5 Qxb2 23. Qxg7 Kd8 24. Qf6+ Kc8 25. Qf8+ Kc7 26. Qf4+ Kc8 27. Qf8+ Kc7 28. Qf4+ 1/2-1/2

[Event "Oberliga Bayern 9798"]
[Site "Bayern"]
[Date "1998.??.??"]
[Round "?.6"]
[White "Basel, Matthias"]
[Black "Lichtenstern, Christoph"]
[Result "0-1"]
[WhiteElo "2045"]
[BlackElo "2160"]
[PlyCount "54"]
[EventDate "1997.10.??"]
[EventType "team-tourn"]
[EventRounds "9"]
[EventCountry "GER"]
[SourceTitle "EXT 2020"]
[Source "ChessBase"]
[SourceDate "2019.10.17"]
[SourceVersion "1"]
[SourceVersionDate "2019.10.17"]
[SourceQuality "1"]
[WhiteTeam "Kitzingen SC"]
[BlackTeam "Muenchen FC Bayern"]
[WhiteTeamCountry "GER"]
[BlackTeamCountry "GER"]

1. d4 d5 2. Nf3 e6 3. c4 c6 4. Nc3 f5 5. e3 Nf6 6. Bd3 Bd6 7. 0-0 0-0 8. Ne5 Nbd7 9. f4 Ne4 10. g4 Bxe5 11. dxe5 Ndc5 12. gxf5 Nxc3 13. bxc3 Nxd3 14. Qxd3 Rxf5 15. e4 Rh5 16. Qe2 g6 17. Ba3 b6 18. cxd5 exd5 19. Rad1 Qh4 20. Qf2 Qg4+ 21. Qg2 Qxg2+ 22. Kxg2 Bh3+ 23. Kg3 Bxf1 24. Rxf1 dxe4 25. Be7 Re8 26. Bf6 Rf5 27. Rd1 Rxf6 0-1